<?xml version="1.0" encoding="UTF-8"?>
<record
    xmlns:xsi="http://www.w3.org/2001/XMLSchema-instance"
    xsi:schemaLocation="http://www.loc.gov/MARC21/slim http://www.loc.gov/standards/marcxml/schema/MARC21slim.xsd"
    xmlns="http://www.loc.gov/MARC21/slim">

  <leader>04331cam a2200313   4500500</leader>
  <controlfield tag="005">20260517000340.0</controlfield>
  <datafield tag="041" ind1=" " ind2=" ">
    <subfield code="a">fre</subfield>
  </datafield>
  <datafield tag="042" ind1=" " ind2=" ">
    <subfield code="a">dc</subfield>
  </datafield>
  <datafield tag="100" ind1="1" ind2="0">
    <subfield code="a">Chougrani, Saada</subfield>
    <subfield code="e">author</subfield>
  </datafield>
  <datafield tag="700" ind1="1" ind2="0">
    <subfield code="a">Ouhadj, Salah</subfield>
    <subfield code="e">author</subfield>
  </datafield>
  <datafield tag="245" ind1="0" ind2="0">
    <subfield code="a">Analyse de la restructuration en p&#xF4;les d'activit&#xE9; &#xE0; l'&#xC9;tablissement hospitalier universitaire d'Oran, Alg&#xE9;rie</subfield>
  </datafield>
  <datafield tag="260" ind1=" " ind2=" ">
    <subfield code="c">2015.
							</subfield>
  </datafield>
  <datafield tag="500" ind1=" " ind2=" ">
    <subfield code="a">74</subfield>
  </datafield>
  <datafield tag="520" ind1=" " ind2=" ">
    <subfield code="a">Objectif&#x2008;: Le projet de r&#xE9;organisation des services hospitaliers de l&#x2019;&#xC9;tablissement hospitalier universitaire d&#x2019;Oran (EHUO) en p&#xF4;les d&#x2019;activit&#xE9; est un exercice complexe et un challenge qui fait face &#xE0; des obstacles structurels, organisationnels et surtout culturels. Les relations entre l&#x2019;EHUO et la tutelle centrale ne laissent aucune latitude en termes d&#x2019;autonomie. Le financement continue d&#x2019;&#xEA;tre assur&#xE9; par le biais des subventions. De plus, aucun accompagnement r&#xE9;glementaire et technique n&#x2019;est offert aux acteurs de l&#x2019;&#xE9;tablissement pour la construction du projet local et encore moins pour toute restructuration. Notre objectif &#xE9;tait de d&#xE9;crire et d&#x2019;analyser l&#x2019;organisation projet&#xE9;e sous la forme de p&#xF4;les d&#x2019;activit&#xE9;s. M&#xE9;thodes&#x2008;: Nous nous sommes bas&#xE9;s sur les rares documents disponibles produits par l&#x2019;administration (notes et instructions) et sur le document d&#x2019;analyse des projets de services. R&#xE9;sultats&#x2008;: Les p&#xF4;les sont propos&#xE9;s &#xE0; partir des esquisses des projets de services pris l&#x2019;un apr&#xE8;s l&#x2019;autre, sans qu&#x2019;il y ait une reformulation dans le cadre d&#x2019;une vision commune, ni une mise en coh&#xE9;rence du point de vue des interactions induites. Les effets th&#xE9;oriquement attendus, comme l&#x2019;autonomie, la d&#xE9;l&#xE9;gation de gestion des p&#xF4;les, ne sont pas &#xE0; l&#x2019;ordre du jour. Le contrat interne ne semble pas &#xEA;tre au centre des d&#xE9;bats. Les &#xE9;conomies d&#x2019;&#xE9;chelle et la mutualisation des ressources sont abord&#xE9;es en filigrane. Conclusion&#x2008;: D&#x2019;importants pr&#xE9;alables sont n&#xE9;cessaires pour porter cet ambitieux projet, tr&#xE8;s structurant par ailleurs. Les acteurs de l&#x2019;EHUO gagneraient &#xE0; s&#x2019;entendre sur une vision commune et des valeurs &#xE0; d&#xE9;fendre ensemble dans le cadre d&#x2019;un projet construit collectivement pour une bonne gouvernance.</subfield>
  </datafield>
  <datafield tag="520" ind1=" " ind2=" ">
    <subfield code="a">Analysis of activity pole restructuring at Oran University Hospital, Algeria Aim: The EHUO project of reorganization of medical units into the new activity poles is a complex exercise and a challenge in relation to structural, organizational, and especially cultural barriers. The relationships between the EHUO and the Ministry of Health leave no room for autonomy. Funding continues to be provided through grants. Furthermore, no regulatory and technical support is available to the EHUO actors for development of the local project and even less for restructuring. Methods: The authors describe and analyze the planned new organization from limited material available produced by the administration (notes and instructions) and the services projects analysis document prepared by our team. Results: The proposed poles are based on draft projects integrating the various units, with no reformulation in the context of a shared vision or a coherent point of view including the interactions between all parts of the project. Theoretically expected effects, such as autonomy, and management contracts for instance, are not on the agenda. The internal contract does not appear to be at the heart of the debate. Economies of scale and sharing of resources are only vaguely discussed. Conclusion: Important prerequisites are necessary for this ambitious and highly structuring project. The EHUO actors must strive to reach an agreement on a common vision and values to be protected together as part of a collectively designed project to ensure good governance.</subfield>
  </datafield>
  <datafield tag="690" ind1=" " ind2=" ">
    <subfield code="a">EHUO</subfield>
  </datafield>
  <datafield tag="690" ind1=" " ind2=" ">
    <subfield code="a">gouvernance clinique</subfield>
  </datafield>
  <datafield tag="690" ind1=" " ind2=" ">
    <subfield code="a">h&#xF4;pital</subfield>
  </datafield>
  <datafield tag="690" ind1=" " ind2=" ">
    <subfield code="a">p&#xF4;le d'activit&#xE9;</subfield>
  </datafield>
  <datafield tag="690" ind1=" " ind2=" ">
    <subfield code="a">restructuration hospitali&#xE8;re</subfield>
  </datafield>
  <datafield tag="690" ind1=" " ind2=" ">
    <subfield code="a">services hospitaliers</subfield>
  </datafield>
  <datafield tag="690" ind1=" " ind2=" ">
    <subfield code="a">clinical governance</subfield>
  </datafield>
  <datafield tag="690" ind1=" " ind2=" ">
    <subfield code="a">EHUO</subfield>
  </datafield>
  <datafield tag="690" ind1=" " ind2=" ">
    <subfield code="a">hospital</subfield>
  </datafield>
  <datafield tag="690" ind1=" " ind2=" ">
    <subfield code="a">hospital departments</subfield>
  </datafield>
  <datafield tag="690" ind1=" " ind2=" ">
    <subfield code="a">hospital restructuring</subfield>
  </datafield>
  <datafield tag="786" ind1="0" ind2=" ">
    <subfield code="n">Sant&#xE9; Publique | 26 | 6 | 2015-01-20 | p. 837-847 | 0995-3914</subfield>
  </datafield>
  <datafield tag="856" ind1="4" ind2="1">
    <subfield code="u">https://stm.cairn.info/revue-sante-publique-2014-6-page-837?lang=fr&amp;redirect-ssocas=7080</subfield>
  </datafield>
  <datafield tag="999" ind1=" " ind2=" ">
    <subfield code="c">2231509</subfield>
    <subfield code="d">2231509</subfield>
  </datafield>
</record>
